Beck: Albums by Cover - Statistics

General Stats
  • This quiz has been taken 16 times
  • The average score is 10 of 14
Answer Stats
Picture Hint Answer % Correct
1996 Odelay
100%
2002 Sea Change
94%
2005 Guero
88%
1994 Mellow Gold
88%
2008 Modern Guilt
81%
2017 Colors
75%
1999 Midnite Vultures
75%
1998 Mutations
75%
2006 The Information
75%
2014 Morning Phase
69%
2019 Hyperspace
56%
1994 One Foot in the Grave
56%
1994 Stereopathetic Soulmanure
38%
1993 Golden Feelings
31%
No matching quizzes found
Score Distribution
Percent of People with Each Score
Percentile by Number Answered
Your Score History
You have not taken this quiz